| 000 | 00378nam a22001337a 4500 | ||
|---|---|---|---|
| 005 | 20241210150725.0 | ||
| 008 | 241210b |||||||| |||| 00| 0 eng d | ||
| 020 | _a9788178842905 | ||
| 050 |
_aHV553 _bTHA |
||
| 100 | _aTHAKRAL, K.K | ||
| 245 |
_aDISASTER MANAGEMENT; _bRELEVANT ISSUES AND CHALLENGES |
||
| 260 |
_aNEW DELHI _bCYBER TECH PUBLICATIONS _cc2007 |
||
| 942 |
_2lcc _cBK _e1 _n0 |
||
| 999 |
_c2038 _d2038 |
||